000 01418nam a2200385 i 4500
001 193346
003 SpMaBN
005 20240902063038.0
007 ta
008 231103s2023 sp | |||| 000 f spa
017 _aB 12637-2023
_bOficina Depósito Legal Barcelona
020 _a9788411073288
035 _aa7084878
040 _aSpMaBN
_bspa
_cSpMaBN
_erda
_dES-MaACL
080 _a821.134.2-31"19"
100 1 _aLandero, Luis,
_d1948-
_969943
_eaut
245 1 4 _aUna historia ridícula /
_cLuis Landero.
250 _a1ª edición en colección Maxi: septiembre de 2023
264 1 _aBarcelona :
_bMaxi Tusquets,
_c2023
300 _a283 páginas ;
_c23 cm
336 _aTexto
_2rdacontent
337 _asin mediación
_2rdamedia
338 _avolumen
_2rdacarrier
490 1 _aMaxi ;
_v006/12
520 _aUna historia de amor repleta de humor e ironía.
655 0 _aNovelas psicológicas
_2tgfbne
_9233883
830 _9234574
_aMaxi (Tusquets) ;
_v006/12
852 _aES-MaACL
_bR.154773
_9200792
_jN-9569
_cDEPOJ
_gDedicatoria autógrafa del autor
_hDonación: Luis Landero
_xEncuadernación rústica
903 _969943
_aLandero, Luis,
_d1948-
_ednr
942 _n0
_cMONOGRAFIA
999 _c193346
_d193346